000 00512nam a22001817a 4500
003 OSt
005 20180116183031.0
008 151221b xxu||||| |||| 00| 0 eng d
020 _a04-515-88-1
024 _204-515-88-1
040 _cLahore LUMS
082 _a 174.4 LUM 1988
100 _aArif J, Malik S
245 _aLUGGAGE MANUFACTURERS LIMITED
_cArif J, Malik S
260 _aLahore LUMS
_bLahore University of Management Sciences
_c1988
440 _aLUGGAGE MANUFACTURERS LIMITED
942 _2ddc
_cCS
999 _c351001
_d351001